Central Library OPAC University of Rajshahi

Party politics in America / (Record no. 2001)

MARC details
000 -LEADER
fixed length control field 00845cam a2200265 4500
001 - CONTROL NUMBER
control field 2001
003 - CONTROL NUMBER IDENTIFIER
rucl marc code BD-RjUL
005 - DATE AND TIME OF LATEST TRANSACTION
control field 20211208233448.0
008 - FIXED-LENGTH DATA ELEMENTS--GENERAL INFORMATION
fixed length control field 131210s1972 mau bs 001 0 eng
035 ## - SYSTEM CONTROL NUMBER
System control number (BD-RjUL)2028
040 ## - CATALOGING SOURCE
Original cataloging agency DLC
Transcribing agency DLC
Modifying agency DLC
-- BD-RjUL
Language of cataloging eng
041 ## - LANGUAGE CODE
Language code of text/sound track or separate title eng
082 00 - DEWEY DECIMAL CLASSIFICATION NUMBER
Classification number 324.273
Edition number 16
Author mark and year SOP 1972
100 1# - MAIN ENTRY--PERSONAL NAME
Personal name Sorauf, Frank J.
Fuller form of name (Frank Joseph),
Dates associated with a name 1928-
9 (RLIN) 6268
245 10 - TITLE STATEMENT
Title Party politics in America /
Statement of responsibility, etc. Frank J. Sorauf.
250 ## - EDITION STATEMENT
Edition statement 2d ed.
260 ## - PUBLICATION, DISTRIBUTION, ETC. (IMPRINT)
Place of publication, distribution, etc. Boston :
Name of publisher, distributor, etc. Little, Brown ,
Date of publication, distribution, etc. c1972.
300 ## - PHYSICAL DESCRIPTION
Pagination x, 445 p. ;
Size 24 cm.
504 ## - BIBLIOGRAPHY, ETC. NOTE
Bibliography, etc Includes bibliographical references and index.
650 #0 - SUBJECT ADDED ENTRY--TOPICAL TERM
Topical term or geographic name as entry element Political parties
Geographic subdivision United States.
9 (RLIN) 6269
856 ## - ELECTRONIC LOCATION AND ACCESS
Uniform Resource Identifier <a href="http://www.worldcat.org/title/party-politics-in-america/oclc/319630&referer=brief_results">http://www.worldcat.org/title/party-politics-in-america/oclc/319630&referer=brief_results</a>
942 ## - ADDED ENTRY ELEMENTS (KOHA)
Source of classification or shelving scheme Dewey Decimal Classification
Koha item type Books
Holdings
Lost status Source of classification or shelving scheme Damaged status Not for loan Collection code Permanent Location Current Location Shelving location Date acquired Source of acquisition Total Checkouts Full call number Date last seen Copy number Koha item type
  Dewey Decimal Classification   Not For Loan Non-fiction Central Library, University of Rajshahi Central Library, University of Rajshahi Reading Room 29/03/1977 Lions internationals.   324.273 SOP 1972 10/12/2013 C-1 Books